01556nam a2200325 i 4500001000700000003000700007005001700014007000300031008004100034017005000075020001800125035002100143035001300164040002900177080002100206100005500227245007900282250006100361260003000422300002700452336003200479337003100511338002400542490001900566520047600585655001201061700003201073830001901105852010601124193265SpMaBN20250804062655.0ta130424s2012 sp | |||| 000 f spa  aM 34670-2012bOficina Depósito Legal Madrid a9788493920098 a(OCoLC)864253904 aa5355388 aSpMaBNbspacSpMaBNerdc a821.112.2-31"18"1 aKeyserling, Eduard von,d1855-19180XX1677417eaut10aDumala /cEduard von Keyserling ; traducción del alemán, Carlos Fortea aPrimera edición en Nocturna Ediciones: octubre de 2012 aMadrid :bNocturna,c2012 a167 páginas ;c21 cm aTexto (visual)2isbdcontent asin mediación2isbdmedia 2rdacarrieravolumen1 aNoches blancas aTres hombres compiten por la bella Karola: un joven y altivo poeta, un religioso con dudas y un barón de oscuras intenciones. Cuando la tensión se vuelva insoportable, uno de ellos se descubrirá cometiendo un acto tan vil como sorprendente. Ambientada en el gélido invierno báltico, Dumala es una perturbadora novela de Eduard von Keyserling —conocido como el escritor impresionista por la delicadeza de su estilo— sobre el deseo y el peligro de los celos. 0aNovelas1 aFortea, Carlos,d1963-etrl aNoches blancas aES-MaACLbR. 154667cDEPOJhDonación: Carlos ForteajN-9438xEncuadernación rústica con solapas